Microwave Transistor Amplifiers 2nd Ed (Record no. 475398)
[ view plain ]
| 000 -LEADER | |
|---|---|
| fixed length control field | 00420 a2200169 4500 |
| 020 ## - INTERNATIONAL STANDARD BOOK NUMBER | |
| International Standard Book Number | 0132543354 |
| 082 ## - DEWEY DECIMAL CLASSIFICATION NUMBER | |
| Classification number | 621.381325 GON |
| 090 ## - LOCALLY ASSIGNED LC-TYPE CALL NUMBER (OCLC); LOCAL CALL NUMBER (RLIN) | |
| -- | 40004 |
| -- | 40004 |
| 100 ## - MAIN ENTRY--PERSONAL NAME | |
| Personal name | Gonzalez, Guillermo |
| 245 ## - TITLE STATEMENT | |
| Title | Microwave Transistor Amplifiers 2nd Ed |
| 250 ## - EDITION STATEMENT | |
| Edition statement | 2 |
| 260 ## - PUBLICATION, DISTRIBUTION, ETC. | |
| Place of publication, distribution, etc. | USA |
| Name of publisher, distributor, etc. | Prentice Hall |
| Date of publication, distribution, etc. | 1996 |
| 300 ## - PHYSICAL DESCRIPTION | |
| Extent | X 517 |
| 500 ## - GENERAL NOTE | |
| General note | BE textbook Avionics |
| 505 ## - FORMATTED CONTENTS NOTE | |
| Formatted contents note | NUST Books |
| 942 ## - ADDED ENTRY ELEMENTS (KOHA) | |
| Institution code [OBSOLETE] | NUST-CAE |
| Call number prefix | 621.381325GON |
| Withdrawn status | Lost status | Damaged status | Not for loan | Permanent Location | Current Location | Date acquired | Total Checkouts | Full call number | Barcode | Date last seen | Price effective from | Koha item type |
|---|---|---|---|---|---|---|---|---|---|---|---|---|
| College of Aeronautical Engineering (CAE) | College of Aeronautical Engineering (CAE) | 03/30/2018 | 621.381325 GON | CAEN-5481 | 03/30/2018 | 03/30/2018 | Book | |||||
| College of Aeronautical Engineering (CAE) | College of Aeronautical Engineering (CAE) | 03/30/2018 | 621.381325 GON | CAEN-5511 | 03/30/2018 | 03/30/2018 | Book | |||||
| College of Aeronautical Engineering (CAE) | College of Aeronautical Engineering (CAE) | 03/30/2018 | 621.381325 GON | CAEN-5490 | 03/30/2018 | 03/30/2018 | Book | |||||
| College of Aeronautical Engineering (CAE) | College of Aeronautical Engineering (CAE) | 03/30/2018 | 621.381325 GON | CAEN-5493 | 03/30/2018 | 03/30/2018 | Book | |||||
| College of Aeronautical Engineering (CAE) | College of Aeronautical Engineering (CAE) | 03/30/2018 | 621.381325 GON | CAEN-5483 | 03/30/2018 | 03/30/2018 | Book | |||||
| College of Aeronautical Engineering (CAE) | College of Aeronautical Engineering (CAE) | 03/30/2018 | 621.381325 GON | CAEN-5508 | 03/30/2018 | 03/30/2018 | Book | |||||
| College of Aeronautical Engineering (CAE) | College of Aeronautical Engineering (CAE) | 03/30/2018 | 621.381325 GON | CAEN-5482 | 03/30/2018 | 03/30/2018 | Book | |||||
| College of Aeronautical Engineering (CAE) | College of Aeronautical Engineering (CAE) | 03/30/2018 | 621.381325 GON | CAEN-5496 | 03/30/2018 | 03/30/2018 | Book | |||||
| College of Aeronautical Engineering (CAE) | College of Aeronautical Engineering (CAE) | 03/30/2018 | 621.381325 GON | CAEN-5478 | 03/30/2018 | 03/30/2018 | Book |
